00848nam a2200265Ia 450000500170000000800410001702000180005808200140007610000320009024500620012225000180018430000250020249000390022750000350026653400200030165000290032165000360035065000300038670000170041626400260043333600270045933700330048633800280051904000350054720220317001501.0161108s2013 s g 000 0 s  a978842061104404a302bC15m1 aCanetti, Elíasd1905-199410aMasa y podercElias Canetti ; traducción de Horst Vogel a3a. edición a687 páginasc18 cm aEl libro de bolsillo : humanidades aIncluye bibliografía y notas tMasse und macht142LEMBaConducta colectiva142LEMBaPoder (ciencias sociales)142LEMBaPsicología social1 aVogel, Horst aMadridbAlianzac2013 atextobtxt2rdacontent asin mediaciónbn2rdamedia avolumenbnc2rdacarrier aCO-BoRNBPbspaerdacCO-BoRNBP